00560nam a2200145 a 450000500170000000800410001705000180005810000190007624501040009526000330019965000330023294200080026599900190027395201220029220141022142007.0110309s19uu xx 00 eng d aVCDbM54 200? aMercado, Cesar aAdvances in development communication, planning, management, implementation, monitoring,evaluation. aQuezon City :bDCAAP,c200?. aDevelopmental communication. cAVM c276572d276572 00104050aCLbCLcAVd2011-03-09eLib. Fundg75.00l0oVCD M54 200?pAVM00174r2014-11-11 00:00:00w2014-04-12yAVM